| 000 | 00358cam a22001217a 4500 | ||
|---|---|---|---|
| 008 | 180718b1991 xxu||||| |||| 00| 0 eng d | ||
| 082 | _aA81x54 91T | ||
| 100 | _aCensus of India 1991 | ||
| 245 | _aTabulation plan | ||
| 260 |
_aNew Delhi _bThe Registrar General and Census Commissioner, India _c1991 |
||
| 300 | _a262+p. | ||
| 440 | _aCensus of India 1991. India | ||
| 999 |
_c481178 _d481178 |
||